[Event "Berlin Lichtenberger op 11th"]
[Site "Berlin"]
[Date "2012.08.25"]
[Round "8"]
[White "Dimitrijeski, Kristian"]
[Black "Geissler, Felix"]
[Result "1-0"]
[WhiteElo "2165"]
[BlackElo "1766"]
[PlyCount "81"]
[EventDate "2012.08.18"]
[EventType "swiss"]
[EventRounds "9"]
[EventCountry "GER"]
[SourceTitle "CBM 150 Extra"]
[Source "ChessBase"]
[SourceDate "2012.10.19"]
[SourceVersion "1"]
[SourceVersionDate "2012.10.19"]
[SourceQuality "1"]

1. d4 Nf6 2. c4 e6 3. Nc3 Bb4 4. Qc2 0-0 5. a3 Bxc3+ 6. Qxc3 d5 7. Bg5 c6 8. Bxf6 Qxf6 9. e3 c5 10. Nf3 Nd7 11. cxd5 exd5 12. Be2 b6 13. 0-0 Bb7 14. Rac1 Rac8 15. dxc5 Rxc5 16. Qxf6 Nxf6 17. b4 Rxc1 18. Rxc1 Rc8 19. Rxc8+ Bxc8 20. Nd4 Bd7 21. Bb5 Bxb5 22. Nxb5 a5 23. bxa5 bxa5 24. Kf1 Kf8 25. Ke2 Ke7 26. Kd3 Kd7 27. Kd4 Kc6 28. Nc3 Ne4 29. Nxe4 dxe4 30. a4 f5 31. g4 g6 32. g5 Kd6 33. Kc4 Kc6 34. h3 Kd6 35. Kb5 Kd5 36. Kxa5 Kc5 37. Ka6 Kc6 38. a5 Kc7 39. Kb5 Kb7 40. a6+ Ka7 41. Ka5 1-0